000 00750 a2200205 4500
008 210726b ||||| |||| 00| 0 eng d
020 _a9780321712332
020 _a0321712331
050 _aQA76.9 .A25
_bB56 2019
100 _aBishop, Matt (Matthew A.),
245 _aComputer security :
_bart and science /
_cMatt Bishop ; with contributions from Elisabeth Sullivan and Michelle Ruppel
250 _a2nd
260 _bAddison-Wesley
_c2019
_aBoston :
300 _axlix, 1,383 pages :
_billustrations ;
_c24 cm
500 _aIncludes bibliographical references (pages 1251-1339) and index
650 _aComputer security.
700 _aSullivan, Elisabeth,
_econtributor
700 _aRuppel, Michelle,
_econtributor.
942 _cBK
_2lcc
999 _c56671
_d56671